000 01290nam a22002177a 4500
999 _c10107
_d10107
003 AR-CdUCM
008 190329b ||||| |||| 00| 0 spa d
040 _aMUNICIPALIDAD PROVINCIAL DEL CUSCO
_cBIBLIOTECA MUNICIPAL DEL CUSCO
082 _a398.41 /
_bF84
100 _aFrisancho Pineda , David
_923034
245 _aCreencias y supersticiones relacionadas con las enfermedades en el altiplano puneño /
260 _aPuno :
_bTipografía "Los Andes",
_c1963.
300 _a66 páginas ;
_c22 cm.
500 _aPublicación intelectual del sur andino, y artesanal. Libro raro.
505 _aContenido: ¿Qué son las enfermedades para los indios? -- ¿Cuánto se siente enfermo el indio? -- Porqué coge "el lugar" -- La chiflera-las chifles -- Cuando escapa el alma del cuerpo -- Daño visceral o corazón dañado -- Otros procedimientos curativos -- Los accesos y otros procesos infecciosos locales -- La sopladura del aire -- El coto (bocio endémico) -- Como curan los traumatismos óseos -- Quienes curan entre los indios -- Los rayos x de los aymaras ...
650 _aSupersticiones - Enfermedades - Ande
_926764
650 _aIndígenas - Supersticiones
_926765
650 _aEnfermedades y curaciones - Andes - Indígena
_926766
942 _2ddc
_cLIBROS
945 _alccs